IFM Opac

Entreprenuership (Record no. 22124)

MARC details
000 -LEADER
fixed length control field 00364nam a22001457a 4500
020 ## - INTERNATIONAL STANDARD BOOK NUMBER
ISBN 978-1-119-56322-8
082 ## - DEWEY DECIMAL CLASSIFICATION NUMBER
Classification number 338.04
100 ## - MAIN ENTRY--AUTHOR NAME
Personal name Zacharakis, Andrew
245 ## - TITLE STATEMENT
Title Entreprenuership
250 ## - EDITION STATEMENT
Edition statement 5th
260 ## - PUBLICATION, DISTRIBUTION, ETC. (IMPRINT)
Place of publication Hoboken:
Name of publisher John Wiley & Sons,
Year of publication 2020
300 ## - PHYSICAL DESCRIPTION
Number of Pages xx, 166p.: ill.; 25cm
700 ## - ADDED ENTRY--PERSONAL NAME
Personal name Corbett, Anrew C. & Bygrave, William D.
942 ## - ADDED ENTRY ELEMENTS (KOHA)
Koha item type Books
Holdings
Withdrawn status Lost status Damaged status Not for loan Collection code Permanent Location Current Location Shelving location Date acquired Source of acquisition Full call number Accession Number Price effective from Koha item type
        Non-fiction IFM Main Campus Library IFM Main Campus Library Work Room processing 01/08/2026 Purchased 338.04 ZAC 0000030289 01/08/2026 Books
        Non-fiction IFM Main Campus Library IFM Main Campus Library Work Room processing 01/08/2026 Purchased 338.04 ZAC 0000030288 01/08/2026 Books
        Non-fiction IFM Main Campus Library IFM Main Campus Library Work Room processing 01/08/2026 Purchased 338.04 ZAC 0000030290 01/08/2026 Books